000 01254nam a2200349 a 4500
001 21166
003 VRT
005 20260223141752.0
008 090726s1973 xo 000 0 slo d
035 _a(SVKBBclas03)vtls000304978
039 9 _a202512272108
_bAUTHORITY
_c202512091333
_dAUTHORITY
_c202512091323
_dAUTHORITY
_c201602151057
_dAUTHORITY
040 _aSVKBB
_bslo
_cSVKBB
_eAACR2
041 1 _aslo
_heng
080 _a821.111(73)-31=162.3
_22001
100 1 _aMacdonald, Ross,
_d1915-1983
245 1 0 _aLew Archer
_n3
_pNestaň sa hneď nepriateľom. Sudičky. Chlad
_cRoss MacDonald ; z angl. orig. prel. Tatiana Ruppeldtová, Otakar Kořínek, Katarína Jusková
246 3 _aNestaň sa hneď nepriateľom
246 3 _aSudičky
246 3 _aChlad
250 _a1. vyd.
260 _aBratislava
_bSlovenský spisovateľ
_c1973
300 _a736 s.
440 0 _aZelená knižnica
500 _aObsahuje 3 diela
655 7 _adetektívne romány
_2SVKBBPH
655 7 _aamerické romány
_2SVKBBPH
700 1 _aRuppeldtová, Tatiana,
_d1921-2006
_4trl
700 1 _aJusková, Katarína,
_d1947-
_4trl
700 1 _aKořínek, Otakar,
_d1946-2025
_4trl
942 _2ddc
_cKLDO
_n0
949 _6270001000450329
_asvkbbS 74717
_bsvkbbm 280983
999 _c21166
_d21166